What Is It? - Statistics

General Stats
  • This quiz has been taken 49 times
  • The average score is 10 of 12
Answer Stats
Geographical Thing What it is % Correct
Kenya Country
100%
Sahara Desert
96%
Indian _____ Ocean
94%
Antarctica Continent
88%
Madagascar* Island
88%
Red _____ Sea
88%
______ of Good Hope Cape
82%
Caracas City
82%
______ Erie Lake
80%
Bohemia Region
69%
Denali Mountain
67%
Indonesia* Archipelago
37%
No matching quizzes found
Score Distribution
Percent of People with Each Score
Percentile by Number Answered
Your Score History
You have not taken this quiz